| 000 | 00915cab a2200193 4500 | ||
|---|---|---|---|
| 001 | ##L136093 | ||
| 008 | 070109n2007 000 0 eng u | ||
| 035 | _a(Sirsi) u136093 | ||
| 041 | 0 | _aeng | |
| 100 | 1 | _aCushnie, Lorraine | |
| 245 | 0 | 0 | _aRecovery set to continue after surprise slowdown |
| 260 | _c2007 | ||
| 490 | 0 |
_aBuilding _v272(8461) 5 January 2007, 18-19(2) |
|
| 520 | _aAlthough 2006 did not deliver the growth expected, Experian predicts 2.5% growth in construction output for 2007, rising to 3% in 2009. Stable growth of 2.5% over the next three to five years is also forecast for the UK economy, although consumer spending will slow down. Includes forecasts for public sector spending, public and private sector housing, and repair, maintenance and improvement. Table and graph. | ||
| 590 | _aKA | ||
| 651 | 4 |
_aUnited Kingdom _y |
|
| 690 | _aBUILT ENVIRONMENT-CONSTRUCTION MARKET | ||
| 942 | _n0 | ||
| 999 |
_c78132 _d78132 |
||